000 00762nam a22002177a 4500
999 _c18359
_d18359
003 AR-CdUCM
008 190513b ||||| |||| 00| 0 spa d
040 _aMUNICIPALIDAD PROVINCIAL DEL CUSCO
_cBIBLIOTECA MUNICIPAL DEL CUSCO
082 _a843 /
_bN35
100 _aNeel, Alexandra David
_938886
245 _aTextos tibetanos ineditos /
260 _aBuenos Aires :
_bKier,
_c1969.
300 _a231 páginas ;
_c18 cm.
505 _aContenido: La novela del bosquecillo de Lotos -- Máximas atribuidas a un lama rajah de Dugyul -- Tsong Khapa ...
650 _aLiteratura india
_911141
650 _aTibetanos
_938887
650 _aIneditos
_938888
700 _aCiviny, Gabriela De (traductor)
_938889
942 _2ddc
_cLIBROS
945 _aacv
_d2019-05-13